000 01057nam a2200277 a 4500
001 ebr10416792
003 CaPaEBR
006 m u
007 cr cn|||||||||
008 101216s2008 ii s 000 0ceng d
020 _z9788182472068
040 _aCaPaEBR
_cCaPaEBR
035 _a(OCoLC)729026368
050 1 4 _aJA66
_b.V47 2008eb
100 1 _aVermani, Narendra.
245 1 0 _a50 greatest political thinkers
_h[electronic resource] /
_cNarendra Vermani.
246 3 _aFifty greatest political thinkers
250 _a1st ed.
260 _aChandigarh, India :
_bAbhishek Publications,
_c2008.
300 _avi, 297 p.
533 _aElectronic reproduction.
_bPalo Alto, Calif. :
_cebrary,
_d2011.
_nAvailable via World Wide Web.
_nAccess may be limited to ebrary affiliated libraries.
650 0 _aPolitical scientists
_vBiography.
655 7 _aElectronic books.
_2local
710 2 _aebrary, Inc.
856 4 0 _uhttp://site.ebrary.com/lib/rucke/Doc?id=10416792
_zAn electronic book accessible through the World Wide Web; click to view
999 _c186504
_d186504